| 000 | 00423nam a22001577a 4500 | ||
|---|---|---|---|
| 999 |
_c18040 _d18040 |
||
| 003 | OSt | ||
| 005 | 20191119120013.0 | ||
| 008 | 191119b xxu||||| |||| 00| 0 eng d | ||
| 020 | _a1435166943 | ||
| 040 | _cKABU | ||
| 100 | _aKennedy, Anne | ||
| 245 |
_aHerbal Medicine _bNatural Remedies 150 Herbal remedies to heal common ailments |
||
| 260 |
_aNew York _bFall River Press _c2017 |
||
| 300 | _a240p. | ||
| 942 |
_2lcc _cBK |
||